| 000 | 00346nam a2200133Ia 4500 | ||
|---|---|---|---|
| 008 | 210210b1970 xxu||||| |||| 00| 0 eng d | ||
| 082 | _a301 DOUI | ||
| 100 | _aDOUGLAS (Jack D), Ed. | ||
| 245 | _aImpact of sociology: readings in the social sciences. | ||
| 260 |
_aNY _bA C C _c1970 |
||
| 300 | _aviii,280 | ||
| 690 | _aSociology | ||
| 906 | _a040918 | ||
| 999 |
_c91122 _d91122 |
||